1872 1447 1970 1924 1702 1803 1275 1366 1011 1767 1709 1526 1274 1504 1246 1896 1875 1656 1665 1777 1137 1351 1064 1707 1519 1485 1943 1565 1707 1072 1961 1070 1311 1679 1307 1343 1034 1857 1411 1176 1036 1158 1673 1196 1793 1332 1238 1588 1130 1525 1723 1882 1562 1858 1302 1905 1695 1318 1787 1748 1785 1332 1483 1571 1188 1051 1965 1669 1672 1500 1560 1311 1467 1623 1144 1833 1450 1951 1085 1548 1618 1184 1532 1108 1380 1176 1012 1195 1117 1734 1188 1190 1732 1572 1664 1091 1719 1863 1129 BCNSPRNW ULIB Ver.6.0+V

เปลี่ยนเป็นภาษาไทย

Change to English
 แสดงรายละเอียดบรรณานุกรม
  กลับหน้าหลัก

Brief Record : Get Marc (ISO 2709) : E-mail record : QR code < ปิดหน้าต่าง
LEADER : 00000nam 2200000uu 4500
001    13399108148
003     ULIB
008    110219s2551||||th 000 0 tha d
020    9789749803349
060  4 WY100^bอ659ก 2551
100 0  อารี ชีวเกษมสุข
245 10 กระบวนการพยาบาลและการประเมินสุขภาพ:ทฤษฎีและการปฏิบัติ=^bNursing process and health assessment:theory and practice/^cอารี ชีวเกษมสุข
246 31 Nursing process and health assessment:theory and practice
250    พิมพ์ครั้งที่ 1
260    นนทบุรี:^bมหาวิทยาลัยสุโขทัยธรรมาธิราช,^c2551
300    212 หน้า :^bภาพประกอบ
650  7 การพยาบาล
650  7 สุขภาพ^xการประเมิน
710 2  มหาวิทยาลัยสุโขทัยธรรมาธิราช^bสำนักวิชาการ
945    ^p150^l0^i028731
945    ^p150^l0^i028729
945    ^p150^l0^i028728
945    ^p150^l0^i028727
945    ^p150^l0^i028726
945    ^p150^l0^i028730
945    ^p150^l0^i028725
995    ทศพร
999 ^a ใช้งานได้ทุกระบบ
รายการนี้ยังไม่มีแท็ก
คุณยังไม่ได้ล็อกอิน คุณสามารถมีกิจกรรมร่วมกับเว็บไซต์ได้ แต่ต้องล็อกอินก่อน ::
  ล็อกอิน

รายการสื่อสารสนเทศ

ลำดับที่ ประเภท เลขเรียก/บาร์โค้ด สถานที่ สถานะ
1. วิทยาศาสตร์การแพทย์ และสุขภาพ
วิทยาศาสตร์การแพทย์ และสุขภาพ
WY100 อ659ก 2551 ฉ.4 
  Barcode: 028728
ห้องสมุดวิทยาเขตสวรรค์ประชารักษ์
►ส่วนจัดเก็บหนังสือเก่า สปร
บนชั้น
  ขอยืม
2. วิทยาศาสตร์การแพทย์ และสุขภาพ
วิทยาศาสตร์การแพทย์ และสุขภาพ
WY100 อ659ก 2551 ฉ.5 
  Barcode: 028729
ห้องสมุดวิทยาเขตสวรรค์ประชารักษ์
►ส่วนจัดเก็บหนังสือเก่า สปร
บนชั้น
  ขอยืม
3. วิทยาศาสตร์การแพทย์ และสุขภาพ
วิทยาศาสตร์การแพทย์ และสุขภาพ
WY100 อ659ก 2551 ฉ.6 
  Barcode: 028730
ห้องสมุดวิทยาเขตสวรรค์ประชารักษ์
►ส่วนจัดเก็บหนังสือเก่า สปร
บนชั้น
  ขอยืม
4. วิทยาศาสตร์การแพทย์ และสุขภาพ
วิทยาศาสตร์การแพทย์ และสุขภาพ
WY100 อ659ก 2551 ฉ.7 
  Barcode: 028731
ห้องสมุดวิทยาเขตสวรรค์ประชารักษ์
►ส่วนจัดเก็บหนังสือเก่า สปร
บนชั้น
  ขอยืม

รายการใกล้เคียง
    ผู้แต่ง [อารี ชีวเกษมสุข]

    หัวเรื่อง [การพยาบาล]
    หัวเรื่อง [สุขภาพ การประเมิน]

BibComment


ยังไม่เคยถูกคอมเมนท์

คอมเมนท์ทรัพยากรรายการนี้
  คอมเมนท์: กระบวนการพยาบาลแล..


 Copyright 2026. Bcnsprnw @Library